| 000 | 00310nam a22001097a 4500 | ||
|---|---|---|---|
| 082 | _a669 ELL'T | ||
| 100 |
_aGLEISER, MOLLY,ELLIOTT, JOHN F _958421 |
||
| 245 | _aTHERMODYNAMICS FOR STEEL MAKING THERMODYNAMICS AND TRANSPORT PROPERTIES | ||
| 260 |
_aLONDON _bADDISON WESLEY _c1963 |
||
| 300 | _a846P | ||
| 942 | _cBK | ||
| 999 |
_c568619 _d568619 |
||